Countries that Start with M - Sudden Death - Statistics

General Stats
  • This quiz has been taken 380 times
  • The average score is 15 of 17
Answers on the Grid
Answers color-coded by a green-red scale on the quiz's grid according to % correct below.
Malawi
Malaysia
Madagascar
Madrid
Maldives
Mali
Malta
Managua
Manchester
Manchuria
Manila
Marshall Islands
Maseru
Mauritania
Mauritius
Mexico
Mindanao
Minneapolis
Minsk
Moldova
Monaco
Mongolia
Monrovia
Montenegro
Montevideo
Montreux
Montserrat
Morocco
Moscow
Mozambique
Mumbai
Munich
Muscat
Myanmar
 
Answer Stats
Answer % Correct
Malaysia
96%
Madagascar
96%
Malta
93%
Maldives
92%
Mali
92%
Mexico
92%
Malawi
90%
Mongolia
89%
Monaco
88%
Marshall Islands
87%
Montenegro
87%
Morocco
87%
Mauritius
86%
Moldova
86%
Mauritania
85%
Mozambique
84%
Myanmar
82%
No matching quizzes found
Score Distribution
Percent of People with Each Score
Percentile by Number Answered
Your Score History
You have not taken this quiz